000
00296nam a22001337a 4500
008
170329b xxu||||| |||| 00| 0 eng d
020
_a
9780026427081
041
_a
eng
080
_a
616-053.2
100
_a
8
101
_a
SHM
245
_a
THE DEVELOPING CHILD
_c
BRISBANE, H.E
942
_2
udc
_c
BK
999
_c
8937
_d
8937